IJCAI-83 : Proceedings of the Eighth International Joint Conference on Artificial Intelligence 8-12 August 1983, Karlsruhe, West Germany
Αποθηκεύτηκε σε:
| Συγγραφή απο Οργανισμό/Αρχή: | |
|---|---|
| Άλλοι συγγραφείς: | |
| Μορφή: | Πρακτικό Συνεδρίου Βιβλίο |
| Γλώσσα: | English |
| Δημοσίευση: |
Los Altos, California :
William Kaufmann (Distributor),
c1983
|
| Θέματα: | |
| Ετικέτες: |
Προσθήκη ετικέτας
Δεν υπάρχουν, Καταχωρήστε ετικέτα πρώτοι!
|
MARC
| LEADER | 00000nam a2200000 i 4500 | ||
|---|---|---|---|
| 001 | 1/64368 | ||
| 008 | 960403s1983 eng d | ||
| 020 | |a 0-86576-064-0 | ||
| 035 | |a 1995 |c ΔΑΡΖΕΝΤΑΣ |l 10046952 | ||
| 040 | |a GR-MY-UA |b gre |e aacr | ||
| 041 | 0 | |a eng | |
| 082 | 0 | |a 006.3 | |
| 111 | 0 | |a International Joint Conference on Artificial Intelligence |n 8th |d 8-12 August 1983 |c Karlsruhe, West Germany. | |
| 245 | 1 | 0 | |a IJCAI-83 : |b Proceedings of the Eighth International Joint Conference on Artificial Intelligence 8-12 August 1983, Karlsruhe, West Germany / |c Sponsor International Joint Conferences on Artificial Intelligence, Inc. ; Edited by Alan Bundy |
| 260 | |a Los Altos, California : |b William Kaufmann (Distributor), |c c1983 | ||
| 300 | |a 2 vols (1206 p.); |c 28 cm. | ||
| 500 | |a Includes bibliographical references and index | ||
| 650 | 0 | 0 | |a Artificial intelligence |x Congresses. |
| 700 | 1 | |a Bundy, Alan. |4 edt | |
| 852 | |a INST |b SAMOS |e 19960403 |h 006.3 INT |p 005300005857 |q 005300005857 |t BK |y 0 |z v.2 | ||
| 852 | |a INST |b SAMOS |e 19960403 |h 006.3 INT |p 005300005862 |q 005300005862 |t BK |y 0 |z v.1 | ||
| 852 | |a INST |b SAMOS |e 19960403 |h 006.3 INT |p 005300005857 |q 005300005857 |t BK |v v.2: |y 0 |z v.2 | ||
| 852 | |a INST |b SAMOS |e 19960403 |h 006.3 INT |p 005300005862 |q 005300005862 |t BK |v v.1: |y 0 |z v.1 | ||
| 853 | |a INST |b SAMOS |h 006.3 INT | ||
| 909 | |a Σ |b 039569 | ||
| 909 | |a Σ |b 039570 | ||